000 00469nam a2200169Ia 4500
005 20250326130532.0
008 250326s9999 xx 000 0 und d
037 _aTextbook
040 _aFMSL
_beng
_cFMSL
041 _aeng
_2eng
084 _aX:8F Q3;9
_qFMSL
100 _aVij Madhu
245 0 _aManagement Accounting
_cVij Madhu
260 _aNew Delhi
_bNew Delhi, India sales offices
_c2013
942 _cTB
_hX:8F Q3;9
999 _c1282960
_d1282960